Rappeurs et meme - Statistiques

Statistiques générales
  • Ce quiz a été pris 573 fois
  • Le résultat moyen est 9 sur 14
Statistiques - réponses
Memes Rappeurs % Correct
J'étais au studio les mots ils sortaient en anglais trop relou trop relou. Zola
90%
En vrai, la vérité, la vérité, la vraie vérité, je m'en bat les couilles Koba la D
89%
C'est quoi ce poulet ? Kaaris
87%
Oh je ne comprends pas Booba
83%
Mec de cité, simple Naps
83%
La drill c'est un genre de musique qui dénonce,tu vois ce que je veux dire ou pas ? Gazo
75%
Ah c'est marrant Orelsan
74%
Ah batard tu fumes ? Lacrim
64%
Nan Migos pour moi c'est pas le meilleur rappeur Rohff
46%
C'est possible, mais je m'en bat les couilles. Ninho
44%
AHH GNAGNAGNA La Fouine
40%
Tu mens, tu mens, wAllah tu mens frère. Niro
36%
Je vais trop vite c'est incroyable, même moi je crois que je vole, regarde ma vitesse, soubhan Allah la puissance. Brulux
28%
OUAI OUAI OUAI, YAAAAAA, AHAH J'SUIS BOURRÉ Mister You
18%
Aucun quiz correspondant
Distribution des résultats
% des personnes avec chaque résultat
Percentile par nombre de réponses
Votre historique - résultats
Vous n’avez pas pris ce quiz